It looks like you're offline.
Open Library logo
additional options menu

MARC record from Internet Archive

LEADER: 00608cam a2200217 a 4500
001 85008681
003 DLC
005 20080126082809.0
008 850520s1985 mau d 000 1 eng
010 $a 85008681
020 $a0816139385
020 $a0816139393 (pbk.)
040 $aDLC$cDLC$dDLC
050 10 $aPS3569.T464$bT5 1985b
082 00 $a813/.54$219
100 1 $aStewart, Fred Mustard,$d1932-2007.
245 14 $aThe titan /$cby Fred Mustard Stewart.
260 $aBoston, Mass. :$bG.K. Hall,$c1985.
300 $a747 p. ;$c24 cm.
490 0 $aG.K. Hall large print book series
650 0 $aLarge type books.